Chargement en cours...
Postmodern Indian English Literature
| Auteur principal: | |
|---|---|
| Format: | Printed Book |
| Langue: | English |
| Publié: |
New Delhi
Atlantic
2003
|
| LEADER | 00453nam a2200109Ia 4500 | ||
|---|---|---|---|
| 008 | 111205s9999 xx 000 0 eng d | ||
| 100 | |a Das ,Bijay Kumar | ||
| 245 | |a Postmodern Indian English Literature |c Das ,Bijay Kumar | ||
| 260 | |b Atlantic |a New Delhi |c 2003 | ||
| 942 | |c BK | ||
| 999 | |c 227779 |d 227779 | ||
| 952 | |0 0 |1 0 |2 ddc |4 0 |6 E_820_100000000000000_BIJ_P |7 0 |9 251497 |a MAL |b MAL |c ST1 |d 2011-12-05 |g 0.00 |l 1 |o E 820.1 BIJ/P |p MAL28170 |r 2013-03-13 |s 2013-02-14 |v 350.00 |w 2011-12-05 |y BK | ||